000 00436nam a2200193Ia 4500
003 0100
008 130227s9999 xx 000 0 und d
040 _cARRUPELIB
050 _aPZ3.A234S6
100 _aArcher, Jeffrey
245 _aSons of fortune
260 _aLondon
260 _bPan Books
260 _C2002
300 _a597p.
300 _b 23 cm
650 _bGreat Britain - History - 20th century
942 _2lcc
_01
999 _c1647
_d1647